[Event "Olympiad-39"]
[Site "Khanty-Mansiysk"]
[Date "2010.09.27"]
[Round "6.1"]
[White "Adams, Michael"]
[Black "Carlsen, Magnus"]
[Result "1-0"]
[WhiteElo "2728"]
[BlackElo "2826"]
[Annotator "ChessBase"]
[PlyCount "75"]
[EventDate "2010.09.21"]
[EventType "team-swiss"]
[EventRounds "11"]
[EventCountry "RUS"]
[SourceTitle "CBM 139"]
[Source "ChessBase"]
[SourceDate "2010.11.18"]
[SourceVersion "1"]
[SourceVersionDate "2010.11.18"]
[SourceQuality "1"]
[WhiteTeam "England"]
[BlackTeam "Norway"]
[WhiteTeamCountry "ENG"]
[BlackTeamCountry "NOR"]

1. e4 g6 2. d4 Nf6 3. e5 Nh5 {#Avoiding question marks, or any other form of punctuation to evaluate this opening, suffice it to say that the only games of grandmasters on record, of which there are four, were played by notorious opening mavericks: Morozevich, Miles, Hodgson, and Hillarp Persson.} 4. Be2 d6 {Both Morozevich and Miles preferred to fianchetto their knight with 4...Ng7 here.} 5. Nf3 Nc6 {Other than the oddly placed knight on h5, the structure and pieces are identical to an Alekhine defense.} 6. exd6 exd6 7. d5 Ne7 8. c4 Bg7 9. Nc3 O-O 10. O-O Bg4 11. Re1 $146 ({RR} 11. h3 Bxf3 12. Bxf3 Nf6 13. Bf4 Re8 14. Rc1 a6 15. b3 Nf5 16. g3 Nd7 17. Ne4 h6 18. h4 Nd4 19. Bg2 Nc5 20. Nc3 a5 21. g4 Rc8 22. Be3 Qf6 23. g5 hxg5 24. hxg5 Qe5 25. Qxd4 Qxd4 {Compton,A (2071)-Rapport,J (2301) Caleta 2015 ½-½ (114)}) 11... Re8 12. h3 Bxf3 13. Bxf3 Nf6 14. Bf4 Nd7 15. Rc1 Ne5 16. b3 a6 17. g3 Nf5 18. Bg2 g5 19. Bxe5 Bxe5 20. Ne4 Ng7 21. Qd2 h6 {#Black is still struggling to find a good plan and while his bishop looks strong on e5, it won't be able to stay there for long, while the knight on g7 is still seeking a suitable home.} 22. f4 gxf4 23. gxf4 Bf6 24. Kh2 Nh5 (24... Bh4 25. Rg1 f5 26. Ng3 Bxg3+ 27. Kxg3 Nh5+ 28. Kh2 Kf7) 25. Rg1 Kh7 $6 {This imprecision could lead to serious trouble due to the myriad of threats that can be combined on the b1-h7 diagonal.} 26. Rcf1 Rg8 27. Qe2 Ng7 28. Qd3 $6 {Not the most precise.} (28. Nxf6+ $1 {was white's strongest continuation.} Qxf6 29. Be4+ Kh8 30. Bb1 Qd4 31. Qg4 {Threatening Qh4.} Qf6 (31... Qb2+ 32. Kh1 Qf6 33. Qf3 Qd4 (33... h5 {With the idea of protecting h7 with Qh6.} 34. Rg5 Qh6 35. Rfg1 {and black is lost.}) 34. Rd1 Qb2 35. Rg2 Qf6 36. Qe4) 32. Qf3 Ne8 33. Qd3 $18) 28... Kh8 29. Bf3 {#} b5 ({The engines initially suggest} 29... Bh4 {as an improvement, but deeper analysis shows that it still loses after} 30. Qd4 Qe7 {#} (30... Kh7 31. Ng5+ $1 hxg5 32. fxg5 Bxg5 33. Be4+ f5 34. Bxf5+ Nxf5 35. Rxf5 Rg6 36. Qg4) 31. Rg4 $1 f5 32. Rg6 $1 Kh7 33. Rfg1 Rae8 (33... fxe4 34. Bxe4) 34. c5 $1 {The knight cannot be touched, and as a result, black is now overwhelmed.} dxc5 (34... fxe4 35. Bxe4 {leads to mate.} Qxe4 36. Rxg7+) 35. Qb2 Ref8 36. d6 $1 cxd6 37. Qg2 Qf7 38. Nxd6 {This is the point of the double pawn push. Without it, black could still defend against the Qb2-Qg2 maneuver, which threatens Rxh6+ followed by mate. Now the queen can no longer help and the fort collapses.}) 30. Bd1 bxc4 31. bxc4 Bh4 32. Bc2 f5 33. Rg6 Kh7 34. Rfg1 Qe7 {#} 35. Ng3 $2 (35. c5 $1 {was more expeditious.} Rad8 (35... fxe4 36. Qxe4 Qxe4 37. Bxe4) 36. Qe2 Qf8 37. cxd6 cxd6 38. Nc5 $1 dxc5 39. Qxa6 $18) 35... Bxg3+ $6 (35... Raf8 {would resist longer but still looks grim after} 36. Qd4 Bxg3+ 37. R1xg3 Qf7 38. Qg1 Nh5 39. Rxg8 Rxg8 40. Rxg8 Qxg8 41. Bxf5+ Kh8 42. Bg4 Nf6 (42... Nxf4 43. Qd4+)) 36. Qxg3 Qf7 (36... Nh5 {loses after} 37. Qf3 Rxg6 38. Bxf5 Rag8 39. Rxg6 Rxg6 40. Qxh5) 37. Bd1 Rae8 38. Rxh6+ 1-0

[Event "Olympiad-39"]
[Site "Khanty-Mansiysk"]
[Date "2010.09.28"]
[Round "7.1"]
[White "Carlsen, Magnus"]
[Black "Sulskis, Sarunas"]
[Result "1-0"]
[WhiteElo "2826"]
[BlackElo "2544"]
[PlyCount "117"]
[EventDate "2010.09.21"]
[EventType "team-swiss"]
[EventRounds "11"]
[EventCountry "RUS"]
[SourceTitle "CBM 139"]
[Source "ChessBase"]
[SourceDate "2010.11.18"]
[SourceVersion "1"]
[SourceVersionDate "2010.11.18"]
[SourceQuality "1"]
[WhiteTeam "Norway"]
[BlackTeam "Lithuania"]
[WhiteTeamCountry "NOR"]
[BlackTeamCountry "LTU"]

1. e4 {Postny,Evgeny} e5 2. Nf3 Nc6 3. d4 exd4 4. Nxd4 Nf6 5. Nxc6 bxc6 6. e5 Qe7 7. Qe2 Nd5 8. c4 Ba6 9. b3 O-O-O 10. g3 Qb4+ ({RR} 10... g5 11. Ba3 ({RR} 11. Bg2 Bg7 12. Bb2 Rde8 13. O-O Bxe5 14. Qxe5 Qxe5 15. Bxe5 Rxe5 16. cxd5 Bxf1 17. Kxf1 cxd5 18. Nc3 c6 19. Rc1 Kd8 20. h3 Rhe8 21. Bf3 Ke7 22. Na4 Kd6 23. Nb2 R5e7 24. Nd3 a5 25. Bg4 Rf8) 11... Nb4 ({RR} 11... Qxa3 12. Nxa3 Bb4+ 13. Qd2 Bxd2+ 14. Kxd2 Ne7 15. h4 h6 16. c5 Bxf1 17. Raxf1 d6 18. exd6 cxd6) 12. Bb2 Bg7 13. Bg2 ({RR} 13. a3 Nd3+ 14. Qxd3 Bxe5) 13... Nd3+ ({RR} 13... Bxe5 14. O-O Rhe8) 14. Qxd3 Bxe5 15. Bxe5 ({RR} 15. Qe3 Bxb2 16. Qxe7 Rhe8 17. Qe3 Rxe3+ 18. fxe3 Bxa1 19. O-O d5) 15... Qxe5+ 16. Qe3 Qxa1 17. O-O Kb8 18. Nc3 Qb2 19. Rb1 Qa3 20. Qxg5 Rhe8 21. Qf5 Qd6 22. Rd1 ({RR} 22. Qxf7 Qd2) 22... Qe5 ({RR} 22... Qg6) 23. Qc2 ({RR} 23. Qxe5 Rxe5 24. Bxc6) 23... f5 24. Bf3 Bb7 25. b4 {Macieja,B (2634)-Karpov,A (2686) Warsaw 2003 CBM 095 [Postny,Evgeny] 0-1 (34)}) ({RR} 10... f6) ({RR} 10... Re8 11. Bb2 f6) ({RR} 10... h5 11. Bg2 h4 12. O-O hxg3 13. hxg3 Kb8 14. Nd2 Qg5 15. Nf3 Qh5 16. Qe4 Ne7 17. Bg5 Re8 18. Rfd1 Bc8 19. b4 Qg6 20. Qf4 f6 21. exf6 gxf6 22. Bxf6 Bg7 23. Bxg7 Qxg7 24. b5 Ng6 25. Qg5 {Abdilkhair,A (2358)-Iuldachev,S (2402) Shymkent KAZ 2024 1-0 (49)}) 11. Bd2 Qb6 12. Qe4 $146 ({RR} 12. Nc3 Nxc3 13. Bxc3 Bb4 14. Qd2 c5 15. Bxb4 Qxb4 16. Qxb4 cxb4 17. O-O-O Bb7 18. Rg1 Rhe8 19. f4 d6 20. Bh3+ Kb8 21. exd6 Rxd6 22. Rxd6 cxd6 23. Kd2 Bf3 24. Re1 Rxe1 25. Kxe1 Be4 26. Kd2 Kc7 {Muzychuk,A (2460)-Sulskis,S (2553) Gibraltar 2008 1-0 (35)}) 12... f5 13. Qxf5 Qd4 14. cxd5 Bxf1 15. Bc3 Bb4 16. Kxf1 Bxc3 17. Nxc3 Qxc3 18. Rd1 Rhf8 19. Qe4 Rde8 20. e6 Kb8 21. Rd3 Qc2 22. Qb4+ Ka8 23. Rd2 Qf5 24. dxc6 Rb8 25. Qc3 Qe4 26. Rg1 dxe6 27. Re2 Qg4 28. Qe3 Qh3+ 29. Rg2 Rbd8 30. Re1 Rd6 31. Qc3 Qg4 32. f4 Rfd8 33. Rge2 Rd3 34. Qb4 Qf3+ 35. Kg1 Qxc6 36. Rxe6 R3d6 37. Rxd6 cxd6 38. Qe4 d5 39. Qxh7 Qc3 40. Re2 d4 41. Qe4+ Kb8 42. Qe5+ Ka8 43. Kf2 Qc8 44. Qe4+ Kb8 45. Rc2 Qh3 46. Qe5+ Ka8 47. Kg1 Qh7 48. Qc7 Rh8 49. Qc6+ Kb8 50. Qb5+ Ka8 51. Qd5+ Kb8 52. f5 Qh5 53. Qe5+ Ka8 54. Qe4+ Kb8 55. Qf4+ Ka8 56. g4 Qh4 57. Qxd4 Qe1+ 58. Kg2 Re8 59. Qf2 1-0

[Event "Olympiad-39"]
[Site "Khanty-Mansiysk"]
[Date "2010.09.30"]
[Round "9.1"]
[White "Carlsen, Magnus"]
[Black "Sedlak, Nikola"]
[Result "1/2-1/2"]
[WhiteElo "2826"]
[BlackElo "2550"]
[PlyCount "83"]
[EventDate "2010.09.21"]
[EventType "team-swiss"]
[EventRounds "11"]
[EventCountry "RUS"]
[SourceTitle "CBM 139"]
[Source "ChessBase"]
[SourceDate "2010.11.18"]
[SourceVersion "1"]
[SourceVersionDate "2010.11.18"]
[SourceQuality "1"]
[WhiteTeam "Norway"]
[BlackTeam "Serbia"]
[WhiteTeamCountry "NOR"]
[BlackTeamCountry "YUG"]

1. e4 e6 2. d4 d5 3. Nc3 Nf6 4. Bg5 dxe4 5. Nxe4 Be7 6. Bxf6 gxf6 7. Nf3 f5 8. Nc3 a6 9. g3 b5 10. Bg2 Bb7 11. O-O O-O 12. Re1 c5 13. d5 b4 14. Ne2 Bxd5 15. Nf4 Be4 16. Qc1 $146 ({RR} 16. Ne5 Qxd1 17. Raxd1 Bxg2 18. Kxg2 Rc8 19. Nc4 Ra7 20. Nd3 Nc6 21. Nde5 Nxe5 22. Rxe5 Bf6 23. Re2 Rcc7 24. Red2 Bd4 25. f4 Kf8 26. Rd3 Ke7 27. a4 Rab7 28. Kf3 h5 29. Ke2 Rb8 30. a5 Rbb7 {Nitin,S (2399)-Petrosian,D (2476) Moscow 2012 ½-½ (46)}) 16... Bf6 17. h4 Bxf3 18. Bxf3 Ra7 19. Nh5 Bg7 20. c3 bxc3 21. bxc3 Nd7 22. Qe3 Ne5 23. Be2 Nd7 24. Rab1 h6 25. Bd3 Nf6 26. Nxg7 Kxg7 27. Qxc5 Rc7 28. Qe5 Rc6 29. Bf1 Qc7 30. Qxc7 Rxc7 31. Rb3 Ne4 32. Rc1 a5 33. c4 Rfc8 34. Rc2 Rc5 35. Rb6 Kf6 36. Rcb2 Ke7 37. Ra6 Nd6 38. Rbb6 Nxc4 39. Rb7+ R8c7 40. Rxc7+ Rxc7 41. Bxc4 Rxc4 42. Rxa5 1/2-1/2

[Event "Olympiad-39"]
[Site "Khanty-Mansiysk"]
[Date "2010.10.01"]
[Round "10.1"]
[White "Sjugirov, Sanan"]
[Black "Carlsen, Magnus"]
[Result "1-0"]
[WhiteElo "2627"]
[BlackElo "2826"]
[PlyCount "49"]
[EventDate "2010.09.21"]
[EventType "team-swiss"]
[EventRounds "11"]
[EventCountry "RUS"]
[SourceTitle "CBM 139"]
[Source "ChessBase"]
[SourceDate "2010.11.18"]
[SourceVersion "1"]
[SourceVersionDate "2010.11.18"]
[SourceQuality "1"]
[WhiteTeam "Russia IV"]
[BlackTeam "Norway"]
[WhiteTeamCountry "RUS"]
[BlackTeamCountry "NOR"]

1. e4 c6 2. d4 d5 3. e5 Bf5 4. Nf3 e6 5. Be2 Bb4+ 6. Nbd2 Nd7 7. O-O ({RR} 7. c3 Ba5 8. O-O h6 9. Ne1 Ne7 10. Nb3 Bb6 11. Be3 O-O 12. g4 Be4 13. f3 Bh7 14. Ng2 Rc8 15. Qd2 c5 16. Rac1 cxd4 17. cxd4 Nc6 18. Nf4 Qe7 19. Kh1 f6 20. Bd3 Bxd3 21. Qxd3 Qf7 {Arnav Mahesh Koli (1987)-Nguyen Van Huy (2337) Mumbai IND 2025 0-1 (59)}) 7... Ba5 ({RR} 7... f6 8. Nb3 Nh6 9. Bxh6 gxh6 10. Nh4 Bg6 11. Bh5 Rg8 12. c3 Bf8 13. exf6 Qxf6 14. Nxg6 hxg6 15. Bg4 O-O-O 16. Re1 Re8 17. Re3 h5 18. Bh3 Bh6 19. Rf3 Qe7 20. Qe2 g5 21. g4 e5 22. Rf5 {Firouzja,A (2777)-Nihal,S (2694) chess.com INT 2023 1-0 (83)}) 8. Nb3 Bc7 9. Ne1 f6 $146 ({RR} 9... Qe7 10. Bd2 f6 11. f4 Nh6 12. a4 O-O 13. a5 fxe5 14. fxe5 c5 15. c3 Nf7 16. Be3 Ng5 17. Nd2 Ne4 18. Nd3 a6 19. Nf4 Nxd2 20. Qxd2 Nb8 21. dxc5 Nc6 22. b4 Bxe5 23. Bd3 d4 24. cxd4 {Gajwa,A (2110)-Narayanan,S (2420) Pune 2014 0-1 (45)}) ({RR} 9... Ne7 10. a4 O-O 11. Nd3 b6 12. Be3 a5 13. f4 Be4 14. Nd2 f5 15. c3 c5 16. h3 Qe8 17. Kh2 Kh8 18. Ne1 h6 19. Nef3 Rc8 20. Ba6 Rd8 21. Bb5 c4 22. b3 cxb3 23. Qxb3 Rg8 24. Qa3 {Akash,G (2411)-Ammar,S (2137) Sharjah 2019 1-0 (52)}) 10. Bh5+ g6 11. Be2 g5 12. Bd3 Bg6 13. exf6 Qxf6 14. Qg4 h6 15. f4 Bxd3 16. Nxd3 O-O-O 17. Bd2 Qg6 18. fxg5 Ngf6 19. Rxf6 Bxh2+ 20. Kh1 Nxf6 21. Qxe6+ Kb8 22. gxf6 Bc7 23. Ne5 Qxc2 24. f7 Rhf8 25. Bb4 1-0

[Event "Grand Slam Final 3rd"]
[Site "Bilbao"]
[Date "2010.10.10"]
[Round "2"]
[White "Carlsen, Magnus"]
[Black "Anand, Viswanathan"]
[Result "0-1"]
[WhiteElo "2826"]
[BlackElo "2800"]
[Annotator "Ftacnik,Lubomir"]
[PlyCount "90"]
[EventDate "2010.10.09"]
[EventType "tourn"]
[EventRounds "6"]
[EventCountry "ESP"]
[EventCategory "22"]
[SourceTitle "CBM 139"]
[Source "ChessBase"]
[SourceDate "2010.11.18"]
[SourceVersion "1"]
[SourceVersionDate "2010.11.18"]
[SourceQuality "1"]

1. e4 e5 2. Nf3 Nc6 3. Bb5 Nf6 4. d3 {Carlsen is ready to play a rich position without claiming an opening advantage. The modest move 4.d3 is helping to avoid the unbeatable Berlin Defence.} d6 5. O-O Be7 6. c3 O-O 7. Nbd2 Bd7 8. Re1 Re8 9. Nf1 Bf8 10. Ba4 h6 11. Ng3 Ne7 {The theory in this new territory is just being created. It is worth noticing that both GMs are helping themselves with analogous motifs from the Ruy Lopez.} (11... Rb8 12. d4 b5 13. Bb3 Na5 14. Bc2 c5 15. b3 Nc6 16. d5 Ne7 17. h3 g6 18. Be3 Bg7 19. Qd2 Kh7 20. Nh2 b4 21. c4 Nfg8 22. f4 $11 {1-0 Vachier Lagrave,M (2684)-Marcelin,C (2495)/Challons 2009 (33)}) (11... g6 12. h3 (12. d4 Bg7 13. d5 Ne7 14. c4 c6 15. Bd2 Rb8 16. dxc6 Nxc6 17. Bc3 Qc7 18. Nd2 a6 19. Bxc6 Bxc6 20. a4 b5 21. axb5 axb5 22. cxb5 Rxb5 $17 {0-1 Mullon,J (2458)-Postny,E (2648)/Nancy 2010 (55)}) 12... Na5 (12... Bg7 13. d4 Rb8 (13... a6 14. a3 b5 15. Bc2 a5 16. Be3 a4 17. Qd2 Kh7 18. Rad1 Qe7 19. Qe2 Na5 20. Nd2 c5 21. f4 cxd4 22. cxd4 exd4 23. Bxd4 Nh5 24. Bxg7 Nxg3 25. Qf2 Kxg7 26. Qxg3 Rac8 $11 {1-0 De la Villa Garcia,J (2470)-De Souza Haro,P/San Sebastian 1994 (57)}) 14. Bc2 a6 15. Be3 Kh7 16. Qd2 b5 17. Nh2 d5 18. f3 Be6 19. Qf2 exd4 20. cxd4 Nb4 21. e5 $14 {0-1 Shanava,K (2522)-Beinoras,M (2426)/Pardubice 2008 (39)}) 13. Bc2 c5 14. d4 cxd4 15. cxd4 Nc6 16. b3 Rc8 17. Bb2 Nb4 18. Bb1 Nc6 19. Qd2 Qb6 20. d5 Nb4 21. Bc3 a5 22. Re3 Rc5 23. a3 Na6 24. b4 $14 {½-½ Popovic,P (2474)-Nyback,T (2565)/Germany 2008 (49)}) (11... a6 12. d4 b5 13. Bc2 g6 14. h3 Bg7 {½-½ Rubinetti,J (2415)-Van Riemsdijk,H (2390)/San Pedro de Jujuy 1981}) 12. Bb3 Ng6 13. d4 c5 {It seems, that this active advance in the centre is a new move, so far Black has tried only the more modest 13...c6.} (13... c6 14. dxe5 dxe5 15. Nf5 Nxe4 16. Nxh6+ gxh6 17. Rxe4 Be6 18. Qxd8 Raxd8 19. Bxe6 Rxe6 20. Re1 c5 21. a4 Red6 22. Kf1 Bg7 23. g4 Rd3 24. Kg2 $11 {½-½ Khairullin,I (2544)-Aleksandrov,A (2618)/Moscow 2008 (40)}) 14. h3 Qc7 15. a4 a6 $146 (15... exd4 16. cxd4 c4 17. Bc2 Qb6 18. a5 Qa6 19. Bd2 $14) ({RR} 15... cxd4 16. cxd4 exd4 17. Nxd4 d5 18. exd5 Rxe1+ 19. Qxe1 Re8 20. Be3 Nf4 21. d6 Qxd6 22. Rd1 N4d5 23. Nde2 Qe5 24. Bd4 Qg5 25. Qd2 Qxd2 26. Rxd2 Bb4 27. Rd1 a5 28. Bxf6 Nxf6 29. Nh5 Bxa4 30. Bxa4 {Henrichs,T (2471)-Balogh,C (2635) Biel 2016 1-0 (59)}) 16. a5 cxd4 17. cxd4 exd4 18. Nxd4 d5 $1 {Anand has decided to open up the centre in a situation in which all his pieces are already developed.} 19. exd5 (19. Nh5 Nxh5 20. Qxh5 Bc5 $1 (20... Re5 21. Qf3 $14) 21. Qxd5 Bxh3 22. gxh3 Rad8 23. Qxf7+ (23. Qh5 Rxd4 24. Qxg6 Rd3 25. Bxf7+ Qxf7 26. Qxf7+ Kxf7 $11) 23... Qxf7 24. Bxf7+ Kxf7 25. Nf5 Bb4 26. Re3 Rd1+ 27. Kg2 Nf4+ 28. Kh2 Re5 $11) 19... Rxe1+ 20. Qxe1 Re8 {Nearly all very strong players simply love piece activity. Black did not have any problem with eliminating the dangers after the modest 20...e7. The move in the game is somewhat more ambitious.} (20... Ne7 21. Bd2 Nexd5 22. Rc1 Re8 23. Qxe8 Qxc1+ 24. Bxc1 Bxe8 $11) 21. Qc3 Qxc3 22. bxc3 Re1+ 23. Kh2 Bd6 {The current World Champion would love to beat his young rival, but with the help of the interesting move 23...e5!? he could have only forced the repetition of moves.} (23... Ne5 $5 24. Nf3 (24. f3 Nd3 25. Bb2 Re3 26. Ba3 Nc5 $15) (24. Bb2 Neg4+ 25. hxg4 Nxg4+ 26. Kh3 Nxf2+ 27. Kh2 (27. Kh4 Be7+ 28. Kh5 Bg4#) 27... Ng4+ 28. Kh3 Rxa1 29. Bxa1 Ne3+ 30. Ne6 (30. Kh2 Bd6 $17) 30... Bd6 31. Ne4 Ba3 $15) 24... Nfg4+ 25. hxg4 Nxg4+ 26. Kh3 Nxf2+ 27. Kh2 Ng4+ $11) 24. Nc2 (24. Bb2 Rxa1 25. Bxa1 Ne4 26. Bc2 Nxf2 27. c4 Be5 28. Nb3 Bxa1 29. Nxa1 Ne5 $11) 24... Rf1 25. Be3 Rxa1 26. Nxa1 Be5 {More play could have been kept in the position after the logical move 26...e7.} (26... Ne7 27. c4 Nf5 28. Bb6 Nxg3 29. fxg3 Be5 30. Nc2 Ne4 31. Kg1 Bxg3 $11) 27. Bd4 (27. Nc2 Bxc3 28. Bb6 Nf4 29. Ne3 $11) 27... Bxd4 28. cxd4 Ne7 29. Nc2 (29. d6 Nc8 30. Nc2 Nxd6 31. Ne3 $11) 29... Nfxd5 30. Ne4 b6 {It is quite easy to guess why Anand was not eager to fix the pawns of the queenside on the light squares. Seemingly the logical exchange on b6 is unfortunately marred by a serious problem.} (30... b5 31. Nc5 Bc8 32. g3 Kf8 $11) 31. Ne3 $1 (31. axb6 Nxb6 32. Nc5 Bb5 $11) 31... Nxe3 (31... Bc6 32. Nxd5 Nxd5 33. Bxd5 Bxd5 34. Nc3 Bc6 35. axb6 $18) 32. axb6 $1 N3f5 {A sufficient defence was also tied in with the knight check on f1, but the defender would have suffered in a slightly worse position.} (32... Nf1+ $5 33. Kg1 Bc6 34. Nd6 Nd2 35. Bxf7+ Kf8 36. Be6 a5 37. b7 Bxb7 38. Nxb7 a4 $11) 33. Nc5 $2 {[%mdl 64] Carlsen is also only human and thus fallible. His natural right to err is used at a very unfortunate moment, since with the witty 33.d5! serious problems were rather awaiting Black. Bad form is often manifested by erroneous decisions in critical moments.} (33. d5 $1 Bc8 (33... Nc6 34. dxc6 Bxc6 35. Nc5 Nd6 36. Nxa6 $16) 34. g4 Nd4 35. Nd6 Bb7 36. Nxb7 Nc8 37. Ba2 (37. Bc4 Nxb6 38. Bxa6 Nxd5 $11) 37... Nxb6 38. d6 Kf8 39. Kg3 Ke8 $11) 33... Nxd4 (33... Bc6 34. b7 Bxb7 35. Nxb7 Nxd4 36. Bc4 Nb5 37. Nc5 $11) 34. b7 (34. Nxd7 Nxb3 35. b7 Nc6 36. b8=Q+ Nxb8 37. Nxb8 a5 $19) 34... Nec6 35. Ba4 Be8 $1 {White must have missed the fact that the plan of recovering the piece thanks to the mighty b7-pawn will fail due to the trapped knight on the b8-square!} (35... Bf5 36. Nxa6 Bd7 37. Nc5 Be6 38. Na6 $11) 36. Nxa6 (36. b8=Q Nxb8 37. Bxe8 Kf8 38. Ba4 Ke7 $17) 36... Kf8 37. Kg3 (37. Bxc6 Nxc6 38. b8=Q Nxb8 39. Nxb8 Bb5 40. Kg3 Ke7 41. Kf4 Kd6 42. g4 Kc7 $19) 37... Ke7 38. Kf4 Ne6+ {Black could already enjoy the choice of punishment for his unfortunate enemy. It his difficult to find fault with the conservative and careful approach from the game.} (38... Nb8 39. Nxb8 Bxa4 40. Ke3 Bc6 41. Kxd4 Bxb7 $19) 39. Ke3 Ned8 40. Bxc6 Nxc6 41. h4 (41. b8=Q Nxb8 42. Nxb8 Bb5 43. Kd4 Kd6 44. g3 Bf1 45. h4 Kc7 $19) 41... Kd6 42. g4 Bd7 43. g5 hxg5 44. hxg5 g6 45. f4 Be6 {After fixing the pawns on the kingside Black is ready to force the win with the spare bishop.} (45... Be6 46. Kd3 Bd5 47. Ke3 Nb8 48. Nxb8 Bxb7 49. Kd4 Kc7 50. Ke5 Kxb8 51. Kf6 Bd5 52. f5 Be4 53. fxg6 fxg6 $19) 0-1